00446 2200169 4500001002100000005001500021008004100036035001900077041000700096082001100103090001700114100002900131245005100160260003000211300002000241650001500261INLIS00000000001296120241224114450241224||||||||| | ||| |||| || |  0010-1224012961 aid0 a342.02 a342.02 KAR p0 aSoediman Kartohadiprodjo00aPANCASILA dan/dalam UNDANG - UNDANG DASAR 1945 aBandungbBina Ciptac1986 a86hlm;14,5x21cm 0ailmu hukum